000 01388cam a22004094a 4500
001 muse16364
003 MdBmJHUP
005 20210127150932.0
006 m o d
007 cr||||||||nn|n
008 970225s1997 utu o 00 0 eng d
010 _z 97004727
020 _a9780874213126
020 _z0874212286
020 _z9780874212365
035 _a(OCoLC)42854309
040 _aMdBmJHUP
_cMdBmJHUP
050 0 4 _aPS3556.R3939
_bP58 1997
082 0 _a811/.54
_221
100 1 _aFreisinger, Randall R.,
_d1942-
245 1 0 _aPlato's Breath
_cby Randall R. Freisinger.
264 1 _bUtah State University Press,
264 3 _bProject MUSE,
300 _a1 online resource (viii, 72 p.)
506 0 _aOpen Access
_fUnrestricted online access
_2star
588 _aDescription based on print version record.
655 7 _aElectronic books.
_2local
710 2 _aProject Muse.
_edistributor
830 0 _aBook collections on Project MUSE.
856 4 0 _zFull text available:
_uhttps://muse.jhu.edu/book/9331/
945 _aProject MUSE - Archive Poetry, Fiction and Creative Non-Fiction Foundation
945 _aProject MUSE - Archive Complete Foundation
999 _c24025
_d24025